| 000 | 00658nam a2200193 u 4500 | ||
|---|---|---|---|
| 001 | 000003324 | ||
| 005 | 20200929150419.0 | ||
| 008 | 090708s1999 dr r 001 0 spa d | ||
| 040 | _aDO-SdBNP | ||
| 082 |
_a346.074 _bG216s |
||
| 100 | 1 |
_aGarcía de Peña, L. V. _910442 |
|
| 245 | 1 | 0 |
_aManual de derecho judicial privado : _blos embargos / _cL. V. García de Peña. |
| 260 |
_aSanto Domingo : _bUniversidad Iberoamericana, _c1999. |
||
| 300 |
_a102p ; _c27cm. |
||
| 440 | 0 |
_aColección de textos universitarios _v21 _910443 |
|
| 500 | _aContiene índice | ||
| 650 | 4 |
_aEmbargo ejecución (derecho civil) _xDeudor y acredor _910444 |
|
| 999 |
_a1 _n0000058 _c3155 _d3155 |
||
| 049 | _aBNPD | ||